[Event "Tomas Aguilera Angelino Memorial"]
[Site "Ciego de Avila"]
[Date "2018.04.08"]
[Round "6"]
[White "Ulloa Rey, Luis Ernesto"]
[Black "Martin Beltran, Thalia"]
[Result "1-0"]
[WhiteElo "1806"]
[BlackElo "1510"]
[PlyCount "67"]
[EventDate "2018.04.05"]
[EventType "swiss"]
[EventRounds "9"]
[EventCountry "CUB"]
[SourceTitle "EXT 2021"]
[Source "ChessBase"]
[SourceDate "2020.10.23"]
[SourceVersion "1"]
[SourceVersionDate "2020.10.23"]
[SourceQuality "1"]

1. d4 d5 2. Nf3 e6 3. e3 Nf6 4. Nbd2 Nbd7 5. b3 c6 6. Bb2 Bd6 7. Ne5 Qc7 8. f4 0-0 9. Bd3 Nb6 10. 0-0 Nfd7 11. Rf3 f6 12. Nxd7 Nxd7 13. Rh3 f5 14. g4 Nf6 15. g5 Ne4 16. Bxe4 fxe4 17. c4 Qf7 18. Rg3 Qg6 19. h4 h5 20. Kh1 Bb4 21. a3 Bxd2 22. Qxd2 Bd7 23. Qb4 Rab8 24. Qd6 Bc8 25. Qxb8 a6 26. Qd6 Rf7 27. cxd5 cxd5 28. Rc1 Bd7 29. Rc7 Bc6 30. Rxc6 bxc6 31. Qxc6 Ra7 32. Qb6 Qf7 33. g6 Qe7 34. Qb8+ 1-0

[Event "Tomas Aguilera Angelino Memorial"]
[Site "Ciego de Avila"]
[Date "2018.04.07"]
[Round "5"]
[White "Martin Beltran, Thalia"]
[Black "Del Toro Rivera, Flavia Aurora"]
[Result "0-1"]
[WhiteElo "1510"]
[BlackElo "1393"]
[PlyCount "110"]
[EventDate "2018.04.05"]
[EventType "swiss"]
[EventRounds "9"]
[EventCountry "CUB"]
[SourceTitle "EXT 2021"]
[Source "ChessBase"]
[SourceDate "2020.10.23"]
[SourceVersion "1"]
[SourceVersionDate "2020.10.23"]
[SourceQuality "1"]

1. e4 e5 2. Nf3 Nc6 3. d4 exd4 4. Nxd4 Bc5 5. Be3 Qf6 6. c3 Nge7 7. Bc4 Ne5 8. Be2 d5 9. f3 Qg6 10. 0-0 dxe4 11. f4 Ng4 12. Qd2 Nd5 13. Bxg4 Qxg4 14. b4 Bb6 15. c4 Nxe3 16. Qxe3 Bxd4 17. Qxd4 0-0 18. Nc3 e3 19. Qxe3 Qe6 20. Qd4 Re8 21. Rad1 b6 22. Nb5 Bb7 23. Nxc7 Qc6 24. Nd5 Kh8 25. b5 Qg6 26. Rf2 Re4 27. Qd2 h6 28. Ne3 Rae8 29. Re1 Qe6 30. Rf3 Rxc4 31. Rff1 Re4 32. g3 Rxe3 33. Rxe3 Qxe3+ 34. Qxe3 Rxe3 35. Rd1 Ra3 36. Rd7 Be4 37. Rxf7 Rxa2 38. Re7 Bd3 39. Re5 Ra5 40. g4 Rxb5 41. Re7 a5 42. h4 Rb1+ 43. Kf2 a4 44. h5 Rf1+ 45. Kg3 Rg1+ 46. Kf3 b5 47. Rd7 a3 48. Rxd3 a2 49. g5 a1Q 50. Rd8+ Kh7 51. g6+ Rxg6 52. hxg6+ Kxg6 53. Rd6+ Kh7 54. Rb6 Qc1 55. Kg4 Qg1+ 0-1

[Event "Tomas Aguilera Angelino Memorial"]
[Site "Ciego de Avila"]
[Date "2018.04.05"]
[Round "1"]
[White "Martin Beltran, Thalia"]
[Black "Salina Parra, Leandro"]
[Result "0-1"]
[WhiteElo "1510"]
[BlackElo "2029"]
[PlyCount "70"]
[EventDate "2018.04.05"]
[EventType "swiss"]
[EventRounds "9"]
[EventCountry "CUB"]
[SourceTitle "EXT 2021"]
[Source "ChessBase"]
[SourceDate "2020.10.23"]
[SourceVersion "1"]
[SourceVersionDate "2020.10.23"]
[SourceQuality "1"]

1. e4 c5 2. Nf3 e6 3. d4 cxd4 4. Nxd4 a6 5. Nc3 Qc7 6. Be2 Nf6 7. a3 Be7 8. 0-0 Nc6 9. Nxc6 dxc6 10. Be3 0-0 11. h3 e5 12. Bd3 b5 13. f4 Rd8 14. Qf3 Bd6 15. f5 Bb7 16. Rad1 a5 17. g4 b4 18. g5 Nd7 19. axb4 axb4 20. Ne2 Bc5 21. Bxc5 Nxc5 22. Bc4 Ba6 23. Bxa6 Rxa6 24. Ng3 Ra2 25. Rf2 Rxb2 26. Rfd2 Rxd2 27. Rxd2 b3 28. Qf2 bxc2 29. Rxc2 Nd3 30. Qd2 Qb6+ 31. Kh2 Rb1 32. h4 Qg1+ 33. Kh3 Rb3 34. Rxc6 h5 35. Rc2 Nf4+ 0-1

[Event "CUB School-chT"]
[Site "Santa Clara"]
[Date "2017.07.14"]
[Round "4.5"]
[White "Vieites Santana, Daniela Ines"]
[Black "Martin Beltran, Thalia"]
[Result "1-0"]
[WhiteElo "1827"]
[BlackElo "1617"]
[PlyCount "53"]
[EventDate "2017.07.13"]
[EventType "team-swiss"]
[EventRounds "9"]
[EventCountry "CUB"]
[SourceTitle "EXT 2023"]
[Source "ChessBase"]
[SourceDate "2022.10.05"]
[SourceVersion "1"]
[SourceVersionDate "2022.10.05"]
[SourceQuality "1"]

1. e4 e5 2. Nf3 d6 3. d4 Bg4 4. Bc4 Be7 5. dxe5 dxe5 6. Bxf7+ Kxf7 7. Nxe5+ Ke8 8. Qxg4 Bf6 9. Qe6+ Qe7 10. Qc8+ Qd8 11. Qxb7 Nd7 12. Nxd7 Kxd7 13. 0-0 Ke8 14. e5 Be7 15. Nc3 Nh6 16. Bxh6 gxh6 17. Qc6+ Kf7 18. e6+ Kg7 19. Qf3 Rf8 20. Qg3+ Kh8 21. Ne4 Rb8 22. Rad1 Qe8 23. Qe5+ Kg8 24. Rd3 Bh4 25. Rh3 Qe7 26. f4 Rfe8 27. g3 1-0

[Event "CUB School-chT"]
[Site "Santa Clara"]
[Date "2017.07.13"]
[Round "1.3"]
[White "Martin Beltran, Thalia"]
[Black "De la Guardia Diaz, Susana Hilda"]
[Result "0-1"]
[WhiteElo "1617"]
[BlackElo "1969"]
[PlyCount "106"]
[EventDate "2017.07.13"]
[EventType "team-swiss"]
[EventRounds "9"]
[EventCountry "CUB"]
[SourceTitle "EXT 2023"]
[Source "ChessBase"]
[SourceDate "2022.10.05"]
[SourceVersion "1"]
[SourceVersionDate "2022.10.05"]
[SourceQuality "1"]

1. e4 e6 2. d4 d5 3. exd5 exd5 4. Bd3 Bd6 5. Qf3 Nf6 6. h3 Be6 7. Bg5 Nbd7 8. Ne2 c6 9. 0-0 Qc7 10. Bf4 Bxf4 11. Nxf4 0-0 12. Nd2 Rae8 13. Rfe1 b6 14. Qg3 c5 15. c3 Qb8 16. Nf3 h6 17. Re2 g5 18. Nxe6 Qxg3 19. fxg3 Rxe6 20. Rxe6 fxe6 21. Re1 Re8 22. Ne5 Nxe5 23. Rxe5 Kf8 24. Kf2 Nd7 25. Re2 Re7 26. Bb5 Kf7 27. Kf3 e5 28. Bxd7 e4+ 29. Kg4 Rxd7 30. Kh5 Kg7 31. h4 gxh4 32. gxh4 cxd4 33. cxd4 Rf7 34. Kg4 Rf1 35. Rd2 Kf6 36. g3 Rf3 37. Re2 Rd3 38. Kh5 Kg7 39. Rc2 Rxg3 40. Rc7+ Kf6 41. Kxh6 e3 42. Rc3 e2 43. Rxg3 e1Q 44. Rg6+ Kf7 45. Rg7+ Kf8 46. Rxa7 Qxh4+ 47. Kg6 Qxd4 48. Ra8+ Ke7 49. Ra7+ Kd6 50. b3 Qe4+ 51. Kg5 d4 52. Ra4 Qe3+ 53. Kf5 d3 0-1